[Event "25th European Teams"]
[Site "Batumi GEO"]
[Date "2025.10.06"]
[Round "2.15"]
[Board "4"]
[White "Safarov, Deniel"]
[Black "Pantzar, Milton"]
[Result "0-1"]
[WhiteTitle "FM"]
[BlackTitle "IM"]
[WhiteElo "2280"]
[BlackElo "2433"]
[WhiteTeam "Georgia 3"]
[BlackTeam "Sweden"]
[WhiteFideId "13619802"]
[BlackFideId "1721003"]
[EventDate "2025.10.05"]

1. Nf3 d5 2. c4 e6 3. g3 Nf6 4. Bg2 Be7 5. b3 O-O 6. Bb2 b6 7. cxd5 Nxd5 8. Nc3
Bb7 9. Nxd5 Bxd5 10. Qc2 c5 11. h4 Nc6 12. Ng5 f5 13. Nxe6 Qd6 14. Nf4 Bxg2 15.
Nxg2 Rad8 16. Nf4 b5 17. Rd1 Nb4 18. Qb1 Nd5 19. e3 Qc6 20. Rg1 Rf7 21. h5 Nxf4
22. gxf4 Qf3 23. Rg3 Qh1+ 24. Ke2 Qxh5+ 25. Rf3 Bf6 26. Bxf6 Rxf6 27. Qc1 Rc6
28. Qc3 a6 29. d3 h6 30. a3 Kh7 31. Rg1 Rd7 32. Rd1 Rdc7 33. Rg1 Re6 34. d4 c4
35. d5 Rd6 36. bxc4 bxc4 37. Qe5 Rdd7 38. Rc1 Rc5 39. e4 Rf7 40. Rc3 Rb5 41. Ke3
Rb1 42. Kd4 Qg6 43. d6 Rb5 44. exf5 Rxf5 45. Qe7 Rfd5+ 46. Kxc4 Rbc5+ 47. Kb4
a5+ 0-1

[Event "25th European Teams"]
[Site "Batumi GEO"]
[Date "2025.10.06"]
[Round "2.16"]
[Board "1"]
[White "Nielsen, Hogni Egilstoft"]
[Black "Kazakouski, Valery"]
[Result "1/2-1/2"]
[WhiteTitle "IM"]
[BlackTitle "GM"]
[WhiteElo "2389"]
[BlackElo "2581"]
[WhiteTeam "Faroe Islands"]
[BlackTeam "Lithuania"]
[WhiteFideId "7200404"]
[BlackFideId "13507443"]
[EventDate "2025.10.05"]

1. e4 c5 2. Nf3 d6 3. Bb5+ Nd7 4. O-O a6 5. Bd3 Ngf6 6. c3 e5 7. Bc2 c4 8. b3 b5
9. Qe2 Qc7 10. bxc4 bxc4 11. a4 Bb7 12. Na3 Rc8 13. Rb1 Ba8 14. Nh4 g6 15. g3
Qc6 16. f3 d5 17. exd5 Qxd5 18. Ng2 Qe6 19. Kh1 e4 20. f4 e3 21. Qxe3 Qxe3 22.
dxe3 Ne4 23. Ra1 Bg7 24. Nb1 O-O 25. Ra3 Rfd8 26. Kg1 Ndc5 27. Nh4 Nd3 28. Nf3
Nxc1 29. Rxc1 Nxc3 30. Nxc3 Bxf3 31. Rf1 Rd2 32. Rf2 Rcd8 33. Nb1 Rxc2 34. Rxc2
Rd1+ 35. Kf2 Be4 36. Rxc4 Bxb1 37. Rb3 Bf5 38. Rb8+ Bf8 39. Rd4 Rb1 40. Rdd8
Rxb8 41. Rxb8 Be4 42. a5 Bd3 43. Ke1 Kg7 44. Kd2 Bb5 45. Kc3 Bc5 46. e4 Kf6 47.
Rb7 Bf2 48. g4 h6 49. h4 Bc6 50. g5+ hxg5 51. hxg5+ Kg7 52. Re7 Kf8 53. Re5 Bg3
54. Rc5 Bxe4 55. Rc8+ Kg7 56. Kd4 Bg2 57. Ke3 Be1 58. Rc2 Bh3 59. Rc6 Bxa5 60.
Rxa6 Bb4 61. Kf3 Be6 62. Rb6 Be7 63. Ke4 Bc5 64. Ra6 Kf8 65. Ra5 Bf2 66. Rb5 Ke7
67. Ke5 Be1 68. Rb7+ Bd7 69. Rc7 Ba5 70. Rc1 Bb6 71. Ke4 Ke6 72. Rc3 Kd6 73.
Rd3+ Ke7 74. Rc3 Ba7 75. Rc1 Bf5+ 76. Kf3 Bb8 77. Re1+ Kd7 78. Rd1+ Bd6 79. Ra1
Bc5 80. Rc1 Kc6 81. Rd1 Kb5 82. Rc1 Kb4 83. Rd1 Kc4 84. Rd8 Bd4 85. Ra8 Be6 86.
Rd8 Kd3 87. Re8 Bb6 88. Re7 Be3 89. Re8 Bd5+ 90. Kg3 Ke2 91. Re5 Be6 92. Re4 Bd7
93. Re5 Bf5 94. Kg2 Be6 95. Kg3 Kd3 96. Kf3 Bd4 97. Ra5 Bc3 98. Rc5 Kd4 99. Re5
Bd5+ 100. Kf2 Bd2 101. Kg3 Bb4 102. Re2 Be4 103. Kf2 Bc5 104. Re1 Kd3+ 105. Kg3
Be3 106. Ra1 Bd5 107. Ra5 Ke4 108. Ra4+ Kf5 109. Rb4 f6 110. gxf6 Kxf6 111. Rb5
Be6 112. Kf3 Bd2 113. Ke4 Bf5+ 114. Kf3 Ke6 115. Re5+ Kd6 116. Rb5 Bc3 117. Ke3
Kc6 118. Rb8 Kc5 119. Rd8 Kc4 120. Rd1 Bb2 121. Rd8 Ba3 122. Rd1 Bc5+ 123. Kf3
Bd4 124. Re1 Kc3 125. Re8 Kd3 126. Re1 Bc3 127. Re3+ Kd4 128. Re8 Ba5 129. Re5
Bc7 130. Re1 Bc2 131. Kg4 Bd3 132. Rd1 Bd8 133. Re1 Bf6 134. Kf3 Kc3 135. Re6
Bh4 136. Rc6+ Kd4 137. Rd6+ Kc4 138. Rxd3 Kxd3 139. f5 gxf5 140. Kf4 Kd4 141.
Kxf5 1/2-1/2

[Event "25th European Teams"]
[Site "Batumi GEO"]
[Date "2025.10.06"]
[Round "2.16"]
[Board "2"]
[White "Stremavicius, Titas"]
[Black "Apol, Luitjen Akselsson"]
[Result "1-0"]
[WhiteTitle "GM"]
[BlackTitle "FM"]
[WhiteElo "2531"]
[BlackElo "2318"]
[WhiteTeam "Lithuania"]
[BlackTeam "Faroe Islands"]
[WhiteFideId "12804444"]
[BlackFideId "7202466"]
[EventDate "2025.10.05"]

1. d4 d5 2. c4 c6 3. cxd5 cxd5 4. Bf4 Nf6 5. e3 Nc6 6. Bb5 Bd7 7. Nc3 a6 8. Be2
Bf5 9. Nf3 Nh5 10. Be5 e6 11. Qb3 Na5 12. Qa4+ Nc6 13. h3 Nf6 14. O-O Be7 15.
Bg3 O-O 16. Rfc1 h6 17. Qd1 Rc8 18. Na4 Ne4 19. Bh2 b5 20. Nc5 Nxc5 21. dxc5 Bf6
22. Qd2 e5 23. a4 Be4 24. axb5 axb5 25. Bxb5 Re8 26. Qd1 Re6 27. Ra6 Bxf3 28.
Qxf3 e4 29. Qe2 d4 30. Bc4 Re8 31. exd4 Bxd4 32. Rd1 Qf6 33. b4 e3 34. f3 Be5
35. Bxe5 Qxe5 36. Rxc6 Rxc6 37. Bb5 Rcc8 38. Bxe8 Rxe8 39. c6 Rb8 40. Rc1 Kh7
41. b5 Qd4 42. Qc2+ Kg8 43. Qc3 Qb6 44. c7 e2+ 45. Kh1 Rc8 46. Qe5 Rxc7 47. Rxc7
e1=Q+ 48. Qxe1 Qxc7 49. Qe3 g5 50. b6 Qc6 51. Qd4 Qc1+ 52. Kh2 Qc6 53. Qd8+ 1-0

[Event "25th European Teams"]
[Site "Batumi GEO"]
[Date "2025.10.06"]
[Round "2.16"]
[Board "3"]
[White "Egilstoft, Rogvi"]
[Black "Pultinevicius, Paulius"]
[Result "0-1"]
[WhiteTitle "FM"]
[BlackTitle "GM"]
[WhiteElo "2304"]
[BlackElo "2532"]
[WhiteTeam "Faroe Islands"]
[BlackTeam "Lithuania"]
[WhiteFideId "7200447"]
[BlackFideId "12809390"]
[EventDate "2025.10.05"]

1. e4 c5 2. c3 Nf6 3. e5 Nd5 4. Nf3 Nc6 5. d4 cxd4 6. cxd4 d6 7. Bc4 dxe5 8.
dxe5 Ndb4 9. Qxd8+ Nxd8 10. Na3 a6 11. Bd2 e6 12. O-O b5 13. Be2 Bb7 14. Rac1
Ndc6 15. Nxb5 axb5 16. Bxb4 Bxb4 17. Bxb5 Rxa2 18. Bxc6+ Bxc6 19. Rxc6 O-O 20.
Rb1 Rb8 21. Kf1 h6 22. h3 Ba3 23. b3 Rb5 24. b4 Rxb4 25. Rxb4 Bxb4 26. Rc8+ Bf8
27. Rd8 g5 28. Rd2 Ra1+ 29. Ke2 Bg7 30. Kd3 Kh7 31. Re2 Kg6 32. Nd2 Rg1 33. g4
h5 34. gxh5+ Kxh5 35. Re3 Kg6 36. Ke4 Bh6 37. Rd3 g4 38. Nc4 Rg2 39. Ne3 0-1

[Event "25th European Teams"]
[Site "Batumi GEO"]
[Date "2025.10.06"]
[Round "2.16"]
[Board "4"]
[White "Morkunas, Gustas"]
[Black "Poulsen, Martin"]
[Result "1-0"]
[WhiteTitle "FM"]
[BlackTitle "FM"]
[WhiteElo "2324"]
[BlackElo "2276"]
[WhiteTeam "Lithuania"]
[BlackTeam "Faroe Islands"]
[WhiteFideId "12831026"]
[BlackFideId "7200315"]
[EventDate "2025.10.05"]

1. d4 e6 2. c4 f5 3. Bf4 Nf6 4. Nf3 d5 5. e3 c6 6. Nc3 Be7 7. Bd3 Ne4 8. Qc2 Nd7
9. h4 Bf6 10. g4 g6 11. gxf5 gxf5 12. cxd5 exd5 13. O-O-O Qe7 14. Kb1 Nf8 15. h5
Be6 16. Rc1 Rg8 17. Rh2 Nd7 18. Nd2 Bg5 19. Ne2 Bxf4 20. Nxf4 O-O-O 21. Nb3 Kb8
22. Na5 Rc8 23. f3 Nd6 24. Rg2 Rxg2 25. Qxg2 Ka8 26. Nb3 Rg8 27. Qf2 Bf7 28. Nc5
Nf6 29. h6 Re8 30. Re1 Ng8 31. Qh2 b6 32. Na6 Kb7 33. Nb4 a5 34. Nc2 Qf6 35. Rg1
Nxh6 36. Rh1 Ng8 37. Qxh7 Re7 38. Rg1 Nh6 39. Rh1 Ng8 40. Qh8 Qg5 41. Ne2 Nc4
42. Bxc4 dxc4 43. Rg1 Qh5 44. Rxg8 1-0

[Event "25th European Teams"]
[Site "Batumi GEO"]
[Date "2025.10.06"]
[Round "2.17"]
[Board "1"]
[White "Kadric, Denis"]
[Black "Saraci, Nderim"]
[Result "1/2-1/2"]
[WhiteTitle "GM"]
[BlackTitle "IM"]
[WhiteElo "2533"]
[BlackElo "2445"]
[WhiteTeam "Montenegro"]
[BlackTeam "Kosovo"]
[WhiteFideId "14403803"]
[BlackFideId "6351921"]
[EventDate "2025.10.05"]

1. e4 e6 2. d4 d5 3. e5 c5 4. c3 Nc6 5. Nf3 Bd7 6. Be2 Qb6 7. O-O cxd4 8. cxd4
Nge7 9. Na3 Nf5 10. Nc2 Nb4 11. Nxb4 Qxb4 12. a4 a5 13. Bd2 Qb6 14. Bc3 Bb4 15.
Bd3 Rc8 16. Qb3 Ne7 17. Rfc1 Nc6 18. Qd1 Be7 19. Qd2 Qd8 20. Qe3 Nb4 21. Bxb4
Rxc1+ 22. Rxc1 Bxb4 23. Qe2 Qb6 24. Qc2 h6 25. Bb5 Bc6 26. Bxc6+ Qxc6 27. Qxc6+
bxc6 28. Rxc6 Kd7 29. Rc2 Rb8 30. b3 Ba3 31. Rc3 Bb4 32. Rd3 Rc8 33. g4 Rc1+ 34.
Kg2 g5 35. h4 Be7 36. hxg5 hxg5 37. Ng1 Re1 38. Nf3 Re4 39. Kg3 Re2 40. Rd2 Re4
41. Rd1 Re2 42. Rd2 Re4 43. Rc2 Rf4 44. Rc1 f5 45. exf6 Bxf6 46. Rc5 Bxd4 47.
Rxa5 Bb6 48. Ra6 Bc7 49. Ra7 Rb4+ 50. Kg2 Rxg4+ 51. Kf1 Kc8 52. Ra6 Kd7 53. Ra7
Kc8 54. Ra6 Kd7 1/2-1/2

[Event "25th European Teams"]
[Site "Batumi GEO"]
[Date "2025.10.06"]
[Round "2.17"]
[Board "2"]
[White "Asllani, Muhamet"]
[Black "Petrov, Nikita"]
[Result "1/2-1/2"]
[WhiteTitle "CM"]
[BlackTitle "GM"]
[WhiteElo "2251"]
[BlackElo "2576"]
[WhiteTeam "Kosovo"]
[BlackTeam "Montenegro"]
[WhiteFideId "22100300"]
[BlackFideId "4101286"]
[EventDate "2025.10.05"]

1. e4 c5 2. Nf3 Nc6 3. d4 cxd4 4. Nxd4 e6 5. Nb5 d6 6. c4 Nf6 7. N1c3 a6 8. Na3
Qa5 9. Bd2 Be7 10. Nd5 Qd8 11. Nxe7 Qxe7 12. Bd3 d5 13. Qe2 dxe4 14. Bxe4 Nxe4
15. Qxe4 e5 16. O-O O-O 17. f4 exf4 18. Qxe7 Nxe7 19. Bxf4 Be6 20. Bd6 Rfe8 21.
Bxe7 Rxe7 22. Rad1 g6 23. Rf4 Kg7 24. Rd2 Bf5 25. Nc2 Rae8 26. Rfd4 Re2 27. Nb4
h5 28. Nd5 R8e5 29. Nc3 Rxd2 30. Rxd2 Rc5 31. Rd4 Be6 32. b3 b5 33. Ne4 Re5 34.
cxb5 Rxb5 35. Kf2 Ra5 36. Rd2 Bf5 37. Nd6 Be6 38. Ke3 Kf6 39. g3 Re5+ 40. Kf2
Bd5 41. Rc2 Be6 42. Nb7 Rd5 43. Ke3 Re5+ 44. Kd4 Rd5+ 45. Ke3 Re5+ 46. Kd4 Rd5+
47. Ke3 Re5+ 1/2-1/2

[Event "25th European Teams"]
[Site "Batumi GEO"]
[Date "2025.10.06"]
[Round "2.17"]
[Board "3"]
[White "Draskovic, Luka"]
[Black "Saraci, Korab"]
[Result "1-0"]
[WhiteTitle "GM"]
[BlackTitle "CM"]
[WhiteElo "2486"]
[BlackElo "2197"]
[WhiteTeam "Montenegro"]
[BlackTeam "Kosovo"]
[WhiteFideId "944335"]
[BlackFideId "4701968"]
[EventDate "2025.10.05"]

1. Nf3 d5 2. g3 Nf6 3. Bg2 e6 4. O-O c5 5. c4 Nc6 6. d4 dxc4 7. Ne5 Nxe5 8. dxe5
Nd5 9. Na3 Be7 10. Nxc4 O-O 11. Nd6 Qc7 12. a3 Rd8 13. e4 Nb6 14. Qh5 g6 15. Qf3
Bxd6 16. exd6 Qxd6 17. Bg5 Re8 18. Rfd1 Qf8 19. a4 Nd7 20. Bf1 a6 21. a5 Qg7 22.
Rd2 h6 23. Bf4 Qf6 24. Qe3 g5 25. Bc7 e5 26. Rd6 Qg7 27. Rad1 Nf8 28. Rd8 Be6
29. Rxa8 Rxa8 30. Qxc5 Bg4 31. Rc1 Ne6 32. Qxe5 f6 33. Qd6 Rc8 34. Bc4 Qf7 35.
Bb6 Kg7 36. b3 Bh3 37. Rd1 Re8 38. f3 Re7 39. g4 h5 40. Qg3 hxg4 41. fxg4 Rd7
42. Re1 Rd2 43. Bxe6 1-0

[Event "25th European Teams"]
[Site "Batumi GEO"]
[Date "2025.10.06"]
[Round "2.17"]
[Board "4"]
[White "Krasniqi, Alban"]
[Black "Vukcevic, Nemanja"]
[Result "0-1"]
[BlackTitle "FM"]
[WhiteElo "2131"]
[BlackElo "2349"]
[WhiteTeam "Kosovo"]
[BlackTeam "Montenegro"]
[WhiteFideId "22101381"]
[BlackFideId "941808"]
[EventDate "2025.10.05"]

1. d4 Nf6 2. c4 d6 3. Nc3 Nbd7 4. e4 e5 5. d5 Nc5 6. Qc2 a5 7. f3 g6 8. Be3 Bg7
9. Nge2 O-O 10. g4 Bxg4 11. fxg4 Nxg4 12. Bxc5 dxc5 13. Ng3 Bh6 14. Bd3 Be3 15.
Nd1 Bd4 16. Qe2 Qh4 17. Kd2 Rae8 18. h3 Nh6 19. Qg2 f5 20. Ne2 fxe4 21. Qxe4
Qg5+ 22. Kc2 Nf5 23. d6 Nxd6 24. Qd5+ Kh8 25. Ndc3 Qh4 26. Kb3 e4 27. Nxd4 exd3
28. Nf3 Qf6 29. Raf1 a4+ 30. Ka3 Rd8 31. Nd2 Nf5 32. Nce4 Qg7 33. Qxc5 b6 34.
Qb4 c5 35. Qc3 Rd4 36. Rf3 Qe7 37. b3 b5 38. cxb5 axb3 39. Nxc5 Ra8+ 40. Kb2
Rxa2+ 41. Kb1 Rc2 42. Qa1 b2 43. Qa3 Rxc5 44. Rxd3 Rb4 45. Rd1 Rcxb5 46. Qc3+
Qe5 47. Qc8+ Kg7 48. Nf3 Rb8 49. Qc2 Ra8 50. Rd7+ Kh6 51. Qd2+ Ne3 0-1

[Event "25th European Teams"]
[Site "Batumi GEO"]
[Date "2025.10.06"]
[Round "2.18"]
[Board "1"]
[White "Tutisani, Noe"]
[Black "Makharadze, Jambul"]
[Result "1-0"]
[WhiteTitle "IM"]
[WhiteElo "2424"]
[BlackElo "2291"]
[WhiteTeam "Georgia 2"]
[BlackTeam "Georgia 4"]
[WhiteFideId "13602853"]
[BlackFideId "13601369"]
[EventDate "2025.10.05"]

1. e4 c6 2. d4 d5 3. e5 Bf5 4. Nf3 e6 5. Be2 Nd7 6. O-O h6 7. a4 Rc8 8. a5 a6 9.
Be3 Bb4 10. Bd2 Bxd2 11. Nbxd2 c5 12. c4 Ne7 13. cxd5 exd5 14. dxc5 Nxc5 15. Nd4
Bd7 16. b4 Ne6 17. N2b3 Nxd4 18. Qxd4 Nc6 19. Qxd5 Be6 20. Qxd8+ Kxd8 21. Nc5
Kc7 22. Bf3 Rhd8 23. Rfc1 Bd5 24. Bg4 Ra8 25. Na4 Re8 26. Nb6 Rad8 27. f4 g5 28.
Rc5 Be4 29. Re1 Rd4 30. Nc4 gxf4 31. b5 axb5 32. Nd6 Rxd6 33. exd6+ Kxd6 34.
Rxb5 Re7 35. Bc8 Na7 36. Rb6+ Kc7 37. Bf5 Nc8 38. Rc1+ Bc6 39. Bxc8 Kxc8 40. a6 1-0

[Event "25th European Teams"]
[Site "Batumi GEO"]
[Date "2025.10.06"]
[Round "2.18"]
[Board "2"]
[White "Didmanidze, Tengiz"]
[Black "Quparadze, Giga"]
[Result "0-1"]
[BlackTitle "GM"]
[WhiteElo "1995"]
[BlackElo "2493"]
[WhiteTeam "Georgia 4"]
[BlackTeam "Georgia 2"]
[WhiteFideId "13611410"]
[BlackFideId "13602250"]
[EventDate "2025.10.05"]

1. e4 c5 2. Nf3 e6 3. d4 cxd4 4. Nxd4 a6 5. c4 Nf6 6. Nc3 Qc7 7. a3 b6 8. f4 d6
9. Bd3 Be7 10. O-O h5 11. Kh1 h4 12. Be2 Bb7 13. Qd3 Nbd7 14. b4 h3 15. g3 Rc8
16. Bd2 Qb8 17. Kg1 Qa8 18. Bf3 g5 19. Rae1 gxf4 20. gxf4 Qb8 21. Nce2 Qc7 22.
Rc1 Nf8 23. e5 dxe5 24. fxe5 N6d7 25. Bxb7 Qxb7 26. Qf3 Qxf3 27. Nxf3 Ng6 28.
Ng3 Rg8 29. Rfe1 Nh4 30. Nxh4 Bxh4 31. Rc3 Bg5 32. Bxg5 Rxg5 33. Kf2 Ke7 34. Re4
Nxe5 35. Rh4 Rg4 36. Rxh3 Rgxc4 37. Ne2 b5 38. Ke1 Rxc3 39. Nxc3 f5 40. a4 bxa4
41. Nxa4 Rc4 42. Rh7+ Nf7 43. Kd2 Rxb4 44. Nc5 a5 45. Kc3 Rb8 46. Nd3 Kf6 47.
Rh4 e5 48. Ra4 Rc8+ 49. Kb3 e4 50. Nf2 Ra8 51. Nxe4+ fxe4 52. Rxe4 Ne5 53. Ka4
Ke6 54. Rd4 Rb8 55. Rh4 Nc6 56. Rh6+ Kd5 57. Rh5+ Kd6 58. Rh6+ Kc7 59. Rh7+ Kb6
60. h4 Rg8 61. h5 Rg4+ 62. Ka3 Rg3+ 63. Ka4 Rh3 64. Rh8 Rh4+ 65. Ka3 Kb5 66. h6
Rh3+ 67. Kb2 Ka4 68. Rh7 Ne5 69. Rh8 Nf7 70. Rf8 Nxh6 71. Rf4+ Kb5 72. Rf6 Rh5
73. Ka3 Nf5 0-1

[Event "25th European Teams"]
[Site "Batumi GEO"]
[Date "2025.10.06"]
[Round "2.18"]
[Board "3"]
[White "Sanikidze, Tornike"]
[Black "Diasamidze, Lulu"]
[Result "1-0"]
[WhiteTitle "GM"]
[WhiteElo "2409"]
[BlackElo "1839"]
[WhiteTeam "Georgia 2"]
[BlackTeam "Georgia 4"]
[WhiteFideId "13602608"]
[BlackFideId "13623818"]
[EventDate "2025.10.05"]

1. Nf3 c5 2. c4 Nc6 3. Nc3 Nf6 4. g3 g6 5. Bg2 Bg7 6. d4 cxd4 7. Nxd4 Qc7 8. O-O
O-O 9. Nc2 d6 10. b3 Bd7 11. Bb2 Qc8 12. Re1 Ne5 13. f4 Qc5+ 14. Qd4 Qxd4+ 15.
Nxd4 Nc6 16. Nc2 Ne8 17. Rac1 Nc7 18. Ba1 Rad8 19. Red1 Ne6 20. e3 a5 21. Nd5
Nc5 22. Bxg7 Kxg7 23. Nd4 e5 24. Nb5 exf4 25. exf4 Nb4 26. Nxb4 Bxb5 27. cxb5
axb4 28. Rd4 Rfe8 29. Kf1 f5 30. Rc2 Kf6 31. Rcd2 Re6 32. Bd5 Re7 33. Bf3 Re3
34. Kg2 Rc3 35. b6 d5 36. Rxd5 Rxd5 37. Bxd5 Ke7 38. Bf3 Nd7 39. Re2+ Kd6 40.
Rd2+ Ke7 41. Bxb7 Nxb6 42. Rd4 Rc2+ 43. Kf3 Rxa2 44. Rxb4 Nd7 45. h3 Rc2 46. g4
Rc3+ 47. Kg2 Nc5 48. Bd5 Nd3 49. Rd4 Ne1+ 50. Kf2 Nd3+ 51. Ke2 Nc5 52. Rc4 Rxc4
53. Bxc4 fxg4 54. hxg4 g5 55. b4 Ne4 56. Ke3 Nd6 57. Bd3 h6 58. f5 Nf7 59. Kd4
Kd6 60. b5 Ne5 61. Be2 Nd7 62. Bd1 Nb6 63. Bb3 Nd7 64. Bc4 Nf6 65. Be2 Nd7 66.
Bd1 Nb6 67. Bb3 Nd7 68. Bd5 Nf6 69. Bf3 Nd7 70. Bg2 Nb6 71. Bc6 Nc8 72. Ke4 Nb6
73. Kd4 Nc8 74. Be8 Ke7 75. Bg6 Kd6 76. f6 Nb6 77. Bf5 Na8 78. Kd3 Nb6 79. f7
Ke7 80. Be6 Na8 81. Bc4 Nb6 82. Be6 Na8 83. Ke3 Nb6 84. Kd4 Na8 85. Kc5 Nc7 86.
Bc4 Nxb5 87. Kxb5 h5 88. gxh5 g4 89. h6 g3 90. h7 1-0

[Event "25th European Teams"]
[Site "Batumi GEO"]
[Date "2025.10.06"]
[Round "2.18"]
[Board "4"]
[White "Gaprindashvili, Valeriane"]
[Black "Akhvlediani, Irakli"]
[Result "0-1"]
[WhiteTitle "GM"]
[BlackTitle "IM"]
[WhiteElo "2347"]
[BlackElo "2436"]
[WhiteTeam "Georgia 4"]
[BlackTeam "Georgia 2"]
[WhiteFideId "13601091"]
[BlackFideId "13601938"]
[EventDate "2025.10.05"]

1. d4 Nf6 2. Nf3 e6 3. e3 b6 4. Bd3 Bb7 5. O-O c5 6. b3 g6 7. Bb2 Bg7 8. Qe2 O-O
9. Rd1 cxd4 10. Nxd4 a6 11. Nf3 d6 12. c4 Nbd7 13. Nc3 Qc7 14. Rd2 Rfd8 15. Rad1
Rac8 16. e4 Bh6 17. Rc2 Ne5 18. Nxe5 dxe5 19. Na4 Nxe4 20. f3 Nc5 21. Bxe5 Qc6
22. Nxc5 Qxc5+ 23. Kf1 Rd7 24. Bf6 Bg7 25. Bxg7 Kxg7 26. Rcd2 Rcd8 27. Bb1 Rxd2
28. Rxd2 Rxd2 29. Qxd2 Qe5 30. h3 Qa1 31. Qc2 a5 32. Ke2 Qd4 33. Qd1 Qe5+ 34.
Kf2 Qb2+ 35. Kg3 h5 36. h4 e5 37. Qd7 Ba8 38. Qd3 Qc1 39. Kf2 Qh1 40. Bc2 Qxh4+
41. Ke2 Qg3 42. Kf1 h4 43. Bd1 h3 44. gxh3 Qxh3+ 45. Ke1 Qh4+ 46. Kd2 e4 47.
fxe4 Qxe4 48. Qxe4 Bxe4 49. Ke3 f5 50. a3 Kf6 51. Kd4 g5 52. b4 axb4 53. axb4
Bb7 54. Ba4 g4 55. c5 bxc5+ 56. bxc5 g3 57. Ke3 f4+ 58. Ke2 f3+ 59. Ke3 f2 60.
Bb5 Kg5 61. Ke2 Bg2 0-1

[Event "25th European Teams"]
[Site "Batumi GEO"]
[Date "2025.10.06"]
[Round "2.19"]
[Board "1"]
[White "Waldhausen Gordon, Frederick"]
[Black "Lashkin, Jegor"]
[Result "1/2-1/2"]
[WhiteTitle "FM"]
[BlackTitle "IM"]
[WhiteElo "2389"]
[BlackElo "2497"]
[WhiteTeam "Scotland"]
[BlackTeam "Moldova"]
[WhiteFideId "2409143"]
[BlackFideId "13907808"]
[EventDate "2025.10.05"]

1. e4 c5 2. Nf3 d6 3. d4 cxd4 4. Nxd4 Nf6 5. Nc3 a6 6. Rg1 e5 7. Nb3 h5 8. h3
Be6 9. Be3 h4 10. Qd2 Nbd7 11. O-O-O Rc8 12. f4 b5 13. Kb1 Qc7 14. a3 Be7 15.
Bd3 Nb6 16. f5 Nc4 17. Bxc4 Bxc4 18. Bg5 a5 19. Bxf6 gxf6 20. Qf2 b4 21. axb4
axb4 22. Nd5 Bxd5 23. Rxd5 Qc4 24. Re1 Rg8 25. Rd3 Ra8 26. Re2 Rg3 27. Rxg3 hxg3
28. Qe3 Qa6 29. Qd3 Qa2+ 30. Kc1 Bf8 31. Qb5+ Ke7 32. Qb7+ Ke8 33. Qc6+ Ke7 34.
Qc7+ Ke8 35. Qc6+ Ke7 1/2-1/2

[Event "25th European Teams"]
[Site "Batumi GEO"]
[Date "2025.10.06"]
[Round "2.19"]
[Board "2"]
[White "Hamitevici, Vladimir"]
[Black "Muir, Andrew J"]
[Result "1-0"]
[WhiteTitle "GM"]
[BlackTitle "IM"]
[WhiteElo "2445"]
[BlackElo "2157"]
[WhiteTeam "Moldova"]
[BlackTeam "Scotland"]
[WhiteFideId "13902393"]
[BlackFideId "2400138"]
[EventDate "2025.10.05"]

1. e4 c5 2. d4 cxd4 3. Qxd4 Nc6 4. Qd3 g6 5. Nf3 Bg7 6. Nc3 Nf6 7. Be2 O-O 8.
O-O d6 9. Nd5 Bg4 10. c3 Nd7 11. Bg5 f6 12. Be3 Nde5 13. Nxe5 Nxe5 14. Qd1 Bxe2
15. Qxe2 e6 16. Nb4 Qc7 17. Rad1 Rfd8 18. f4 Qc4 19. Rfe1 Qxe2 20. Rxe2 Nc4 21.
Bc1 a5 22. Nc2 a4 23. Nd4 Kf7 24. f5 exf5 25. exf5 Ne5 26. h3 Rd7 27. g4 g5 28.
Ne6 h5 29. Rxe5 fxe5 30. Nxg5+ Kg8 31. Ne4 hxg4 32. hxg4 d5 33. g5 Rad8 34. Nc5
Rf7 35. Rf1 Rdf8 36. f6 Bxf6 37. gxf6 Rxf6 38. Rxf6 Rxf6 39. Nxb7 a3 40. b4 Rf3
41. Bxa3 d4 42. b5 Rxc3 43. Bb4 Rc1+ 44. Kf2 Rc2+ 45. Kf3 Rxa2 46. Nc5 Ra8 47.
b6 Rb8 48. b7 Kf7 49. Ba5 Ke7 50. Bc7 Rxb7 51. Nxb7 Kd7 52. Bxe5 d3 53. Nc5+ Kc6
54. Nxd3 Kd5 55. Ke3 Kc4 56. Ke4 Kb5 57. Kd5 Kb6 58. Bd6 Kb7 59. Kc5 Ka6 60. Kc6
Ka7 61. Nc5 Ka8 62. Na4 Ka7 63. Nb6 Ka6 64. Bb8 Ka5 65. Nd5 Ka4 66. Ne3 Ka5 67.
Bd6 Ka6 68. Bc5 Ka5 69. Nd5 Ka6 70. Bb4 Ka7 71. Nb6 Kb8 72. Bd6+ Ka7 73. Bc7 Ka6
74. Bb8 Ka5 75. Nd5 Ka6 76. Nb4+ Ka5 77. Kc5 Ka4 78. Kc4 Ka5 79. Bc7+ Ka4 80.
Bb6 Ka3 81. Nd3 Ka4 82. Nb2+ Ka3 83. Kc3 Ka2 84. Kc2 Ka3 85. Bc5+ Ka2 86. Nd3
Ka1 87. Be7 Ka2 88. Nc1+ Ka1 89. Bf6# 1-0

[Event "25th European Teams"]
[Site "Batumi GEO"]
[Date "2025.10.06"]
[Round "2.19"]
[Board "3"]
[White "Grant, Jonathan I M"]
[Black "Baltag, Iulian"]
[Result "0-1"]
[BlackTitle "IM"]
[WhiteElo "2134"]
[BlackElo "2394"]
[WhiteTeam "Scotland"]
[BlackTeam "Moldova"]
[WhiteFideId "2400294"]
[BlackFideId "13901419"]
[EventDate "2025.10.05"]

1. c4 e5 2. Nc3 Bb4 3. Nd5 a5 4. Nf3 d6 5. e3 Nd7 6. a3 Bc5 7. d4 Ba7 8. Bd3 c6
9. Nc3 Ngf6 10. O-O Qe7 11. Qc2 O-O 12. b4 Re8 13. Bf5 g6 14. Bxd7 Bxd7 15. c5
e4 16. cxd6 Qxd6 17. Nd2 Bb8 18. g3 Qe6 19. Nb3 Qh3 20. f4 exf3 21. Rxf3 Bf5 22.
Rxf5 gxf5 23. Nxa5 f4 24. gxf4 Kh8 25. Ne2 Bxf4 26. Nxf4 Rg8+ 27. Ng2 Rxg2+ 28.
Qxg2 Rg8 29. Ra2 Qf3 30. Rf2 Rxg2+ 0-1

[Event "25th European Teams"]
[Site "Batumi GEO"]
[Date "2025.10.06"]
[Round "2.19"]
[Board "4"]
[White "Gubin, Dmitrii"]
[Black "Mitchell, Martin"]
[Result "1-0"]
[WhiteElo "2275"]
[BlackElo "2117"]
[WhiteTeam "Moldova"]
[BlackTeam "Scotland"]
[WhiteFideId "13911848"]
[BlackFideId "2400634"]
[EventDate "2025.10.05"]

1. d4 f5 2. c4 Nf6 3. g3 g6 4. Bg2 Bg7 5. Nf3 O-O 6. O-O d6 7. Nc3 Qe8 8. Re1
Qf7 9. d5 h6 10. Nd4 a5 11. Ncb5 c6 12. Nc7 Ra7 13. Nde6 Na6 14. Nxa6 Bxe6 15.
dxe6 Qxe6 16. Nc7 Qd7 17. Be3 b6 18. Bxb6 Rxc7 19. Bxc7 Qxc7 20. Qd3 Qb6 21.
Rab1 Ng4 22. e3 Ne5 23. Qc2 Qc5 24. b3 g5 25. Qd2 h5 26. f4 gxf4 27. gxf4 Ng4
28. h3 Nf6 29. Kh1 Rf7 30. Rg1 d5 31. Rbc1 Qb6 32. cxd5 cxd5 33. Bf3 Ne4 34.
Bxe4 dxe4 35. Rg5 h4 36. Rc8+ Kh7 37. Qe2 Bh6 38. Qh5 Qf6 39. Rgg8 Qa1+ 40. Rg1
Qf6 41. Rcg8 e6 42. R8g6 1-0